书目信息 |
| 000 | 00449nam0 2200157 450 | |
| 001 | 1038573420 | |
| 005 | 20100115121929.32 | |
| 100 | @a20100115d km y0chiy0120 ea | |
| 101 | 0 | @achi |
| 200 | 1 | @a动物农场@Adong wu nong chang@f乔治奥咸尔@Fqiao zhi ao xian er |
| 215 | @a91页@d20cm | |
| 606 | 0 | @a英语 |
| 690 | @aH319.4@v4 | |
| 701 | 0 | @a乔治奥咸尔@Aqiao zhi ao xian er |
| 801 | 0 | @aCN@b大连网信软件有限公司图书馆·11@c20100115 |
| 905 | @aZUCC@dH319.4@eQ3402 | |
| 动物农场/乔治奥咸尔 |
| 91页;20cm |
| ISBN : |
| ● |
| 相关链接 |
|
|
|
正题名:动物农场
索取号:H319.4/Q3402
 
预约/预借
| 序号 | 登录号 | 条形码 | 馆藏地/架位号 | 状态 | 备注 |
| 1 | 469816 | 204698167 | 语言库209/209语言库 47排7列2层/ [索取号:H319.4/Q3402] | 在馆 | |
| 2 | 469817 | 204698176 | 语言库209/209语言库 47排7列2层/ [索取号:H319.4/Q3402] | 在馆 | |
| 3 | 469818 | 204698185 | 语言库209/209语言库 47排7列2层/ [索取号:H319.4/Q3402] | 在馆 |